<?xml version="1.0" encoding="UTF-8"?>
<record
    xmlns:xsi="http://www.w3.org/2001/XMLSchema-instance"
    xsi:schemaLocation="http://www.loc.gov/MARC21/slim http://www.loc.gov/standards/marcxml/schema/MARC21slim.xsd"
    xmlns="http://www.loc.gov/MARC21/slim">

  <leader>00904nam a22002417a 4500</leader>
  <controlfield tag="005">20131218170931.0</controlfield>
  <controlfield tag="008">131126b        xxu||||| |||| 00| 0 eng d</controlfield>
  <datafield tag="010" ind1=" " ind2=" ">
    <subfield code="a">PUN-7759</subfield>
  </datafield>
  <datafield tag="020" ind1=" " ind2=" ">
    <subfield code="c">200.00</subfield>
    <subfield code="a">9789350177334x</subfield>
  </datafield>
  <datafield tag="035" ind1=" " ind2=" ">
    <subfield code="a">PN-6877</subfield>
  </datafield>
  <datafield tag="037" ind1=" " ind2=" ">
    <subfield code="b">DBAD / PUB</subfield>
  </datafield>
  <datafield tag="037" ind1=" " ind2=" ">
    <subfield code="b">Unistar Books</subfield>
  </datafield>
  <datafield tag="040" ind1=" " ind2=" ">
    <subfield code="a">dpl</subfield>
    <subfield code="b">pn</subfield>
  </datafield>
  <datafield tag="082" ind1=" " ind2=" ">
    <subfield code="a">450</subfield>
  </datafield>
  <datafield tag="100" ind1=" " ind2=" ">
    <subfield code="a">&#xA1C;&#xA40;.&#xA2C;&#xA40;.&#xA38;&#xA3F;&#xA70;&#xA18;</subfield>
  </datafield>
  <datafield tag="245" ind1=" " ind2=" ">
    <subfield code="a">&#xA17;&#xA41;&#xA30;&#xA2E;&#xA41;&#xA16;&#xA40; &#xA32;&#xA3F;&#xA2A;&#xA40; &#xA2D;&#xA3E;&#xA38;&#xA3C;&#xA3E; &#xA24;&#xA47; &#xA38;&#xA3E;&#xA39;&#xA3F;&#xA24; /</subfield>
    <subfield code="c">&#xA1C;&#xA40;.&#xA2C;&#xA40;.&#xA38;&#xA3F;&#xA70;&#xA18;, &#xA17;&#xA41;&#xA32;&#xA1C;&#xA3C;&#xA3E;&#xA30; &#xA38;&#xA3F;&#xA70;&#xA18; &#xA15;&#xA70;&#xA17;</subfield>
  </datafield>
  <datafield tag="246" ind1=" " ind2=" ">
    <subfield code="a">Gurmukhi lippi bhasha te sahit -sardar </subfield>
    <subfield code="b">by Gulzar Singh Kang</subfield>
  </datafield>
  <datafield tag="260" ind1=" " ind2=" ">
    <subfield code="a">Chandigarh</subfield>
    <subfield code="b">Unistar Books</subfield>
    <subfield code="c">2011</subfield>
  </datafield>
  <datafield tag="270" ind1=" " ind2=" ">
    <subfield code="b">Chandigarh</subfield>
    <subfield code="a">sco-26-27, sector-34 A</subfield>
    <subfield code="k">0172-5077427- 9815471219</subfield>
    <subfield code="e">160022</subfield>
  </datafield>
  <datafield tag="300" ind1="4" ind2=" ">
    <subfield code="a">178p.</subfield>
    <subfield code="c">22&#xA38;&#xA47;&#xA02;&#xA2E;&#xA40; (&#xA38;&#xA1C;&#xA3F;&#xA32;&#xA71;&#xA26;)</subfield>
  </datafield>
  <datafield tag="942" ind1=" " ind2=" ">
    <subfield code="2">ddc</subfield>
    <subfield code="c">PN</subfield>
    <subfield code="h">450</subfield>
    <subfield code="m">&#xA1C;&#xA40;&#xA2C;&#xA40;&#xA38;&#xA3F;&#xA70;</subfield>
  </datafield>
  <datafield tag="999" ind1=" " ind2=" ">
    <subfield code="c">81286</subfield>
    <subfield code="d">81286</subfield>
  </datafield>
  <datafield tag="952" ind1=" " ind2=" ">
    <subfield code="0">0</subfield>
    <subfield code="1">0</subfield>
    <subfield code="2">ddc</subfield>
    <subfield code="4">0</subfield>
    <subfield code="7">0</subfield>
    <subfield code="8">NFIC</subfield>
    <subfield code="a">DBAD</subfield>
    <subfield code="b">DBAD</subfield>
    <subfield code="d">2013-12-18</subfield>
    <subfield code="e">DBAD</subfield>
    <subfield code="g">200.00</subfield>
    <subfield code="l">0</subfield>
    <subfield code="o">450 &#xA1C;&#xA40;&#xA2C;&#xA40;&#xA38;&#xA3F;&#xA70;</subfield>
    <subfield code="p">PN-6877</subfield>
    <subfield code="r">2013-12-18 00:00:00</subfield>
    <subfield code="t">1</subfield>
    <subfield code="v">200.00</subfield>
    <subfield code="w">2013-12-18</subfield>
    <subfield code="y">PN</subfield>
  </datafield>
</record>
